000 00347nam a2200145Ia 4500
008 100122s9999 xx 000 0 und d
082 _b45285
_a823
100 _aMASSEY REGINALD
245 _aTHE IMMIGRANTS
260 _bHIND POCKET BOOKS LTD
_c1973
300 _a172
630 _aTHE IMMIGRANTS
730 _aTHE IMMIGRANTS
942 _cBOOK
999 _c373676
_d373673